000 00489nam a2200181Ia 4500
003 GCL
008 140319s9999 xx 000 0 eng d
040 _aGCL /
_cGCL
082 0 4 _a791.436
_bF C
100 1 _aFRIMBOIS, JEAN PIERRE
245 1 0 _aLES 100 CHEFS-D'OEUVRE DU FILM HISTORIQUE /
_cFRIMBOIS, JEAN PIERRE
260 _a[S.N] :
_bMARABOUT UNIVERSITE ،
_c1989
300 _a217 P
490 _aMARABOUT
_v0
650 0 4 _aACTORS & ACTORESS
650 0 4 _aFILMS
942 _2ddc
_cBK
999 _c23417
_d23417